[Event "Moscow-chT"]
[Site "Moscow"]
[Date "2010.12.12"]
[Round "4"]
[White "Krylov, Mikhail"]
[Black "Kharitonov, Andrei Y"]
[Result "1/2-1/2"]
[WhiteElo "2516"]
[BlackElo "2524"]
[PlyCount "71"]
[EventDate "2010.11.20"]
[EventType "team-tourn"]
[EventRounds "7"]
[EventCountry "RUS"]
[SourceTitle "CBM 139 Extra"]
[Source "ChessBase"]
[SourceDate "2011.01.05"]
[SourceVersion "1"]
[SourceVersionDate "2011.01.05"]
[SourceQuality "1"]
[WhiteTeam "Sketch Contact"]
[BlackTeam "Yakimanka"]
[WhiteTeamCountry "RUS"]
[BlackTeamCountry "RUS"]

1. d4 d5 2. c4 c6 3. Nf3 Nf6 4. Nc3 dxc4 5. a4 Bf5 6. Ne5 Nbd7 7. Nxc4 Qc7 8. g3 e5 9. dxe5 Nxe5 10. Bf4 Nfd7 11. Bg2 Be6 12. Nxe5 Nxe5 13. 0-0 Be7 14. Qc2 a6 15. Ne4 0-0 16. Qc3 f6 17. Ng5 fxg5 18. Bxe5 Bd6 19. Bxd6 Qxd6 20. Rad1 Qe7 21. f4 gxf4 22. gxf4 Rad8 23. Rxd8 Rxd8 24. e4 Qd7 25. f5 Bf7 26. Bf3 Qe7 27. a5 Qg5+ 28. Kh1 Qf6 29. Rd1 Rxd1+ 30. Bxd1 Qd6 31. Bf3 Qf4 32. h3 g6 33. fxg6 hxg6 34. Bg2 Be6 35. Qc5 Qg3 36. Qe7 1/2-1/2

[Event "Moscow-ch act"]
[Site "Moscow"]
[Date "2010.10.03"]
[Round "1"]
[White "Kharitonov, Andrei Y"]
[Black "Kachar, Vladimir"]
[Result "1/2-1/2"]
[WhiteElo "2524"]
[BlackElo "2299"]
[PlyCount "61"]
[EventDate "2010.10.03"]
[EventType "swiss"]
[EventRounds "9"]
[EventCountry "RUS"]
[SourceTitle "EXT 2012"]
[Source "ChessBase"]
[SourceDate "2011.11.24"]
[SourceVersion "1"]
[SourceVersionDate "2011.11.24"]
[SourceQuality "1"]

1. d4 Nf6 2. Nf3 e6 3. c4 b6 4. e3 Bb7 5. Bd3 c5 6. 0-0 Be7 7. Nc3 d5 8. cxd5 Nxd5 9. Bb5+ Bc6 10. Qa4 Bxb5 11. Qxb5+ Qd7 12. Nxd5 exd5 13. Qe2 0-0 14. b3 Nc6 15. Bb2 Qe6 16. Rfd1 Rfd8 17. Rac1 Rac8 18. Qb5 cxd4 19. Nxd4 Nxd4 20. Bxd4 h6 21. h3 Bf8 22. Qa6 Qd7 23. Bb2 Rxc1 24. Rxc1 Bc5 25. Rd1 Qe7 26. a3 Qe4 27. Qd3 Qxd3 28. Rxd3 Be7 29. b4 f6 30. Kf1 Kf7 31. Ke2 1/2-1/2

[Event "Moscow-ch act"]
[Site "Moscow"]
[Date "2010.10.03"]
[Round "5"]
[White "Kharitonov, Andrei Y"]
[Black "Seliverstov, Vladimir"]
[Result "1/2-1/2"]
[WhiteElo "2524"]
[BlackElo "2304"]
[PlyCount "64"]
[EventDate "2010.10.03"]
[EventType "swiss"]
[EventRounds "9"]
[EventCountry "RUS"]
[SourceTitle "EXT 2012"]
[Source "ChessBase"]
[SourceDate "2011.11.24"]
[SourceVersion "1"]
[SourceVersionDate "2011.11.24"]
[SourceQuality "1"]

1. d4 d5 2. c4 c6 3. Nf3 Nf6 4. Nc3 dxc4 5. e3 b5 6. a4 b4 7. Na2 e6 8. Bxc4 Bb7 9. 0-0 Nbd7 10. Qe2 a5 11. Rd1 Qc7 12. b3 c5 13. Bb2 Bd6 14. h3 0-0 15. Nc1 Nb6 16. Bb5 Ne4 17. Nd3 cxd4 18. Nxd4 Nd5 19. Rdc1 Ndc3 20. Qe1 Qe7 21. Bc6 Bxc6 22. Nxc6 Qg5 23. Nd4 Qg6 24. Nf4 Bxf4 25. exf4 Qf6 26. Nb5 Qxf4 27. Nxc3 bxc3 28. Bxc3 Nxc3 29. Qxc3 Rfb8 30. Rab1 h6 31. Qc4 Qg5 32. Qc5 Qf4 1/2-1/2

[Event "Moscow-ch act"]
[Site "Moscow"]
[Date "2010.10.03"]
[Round "3"]
[White "Kharitonov, Andrei Y"]
[Black "Shvedchikov, Anatoli I"]
[Result "1/2-1/2"]
[WhiteElo "2524"]
[BlackElo "2421"]
[PlyCount "64"]
[EventDate "2010.10.03"]
[EventType "swiss"]
[EventRounds "9"]
[EventCountry "RUS"]
[SourceTitle "EXT 2012"]
[Source "ChessBase"]
[SourceDate "2011.11.24"]
[SourceVersion "1"]
[SourceVersionDate "2011.11.24"]
[SourceQuality "1"]

1. d4 d5 2. c4 c6 3. Nf3 Nf6 4. Nc3 dxc4 5. e3 b5 6. a4 b4 7. Na2 e6 8. Bxc4 a5 9. 0-0 Nbd7 10. Qe2 Qb6 11. Rd1 Ba6 12. Bd2 Be7 13. Nc1 0-0 14. Nb3 Rfc8 15. Rdc1 c5 16. Bxa6 Qxa6 17. Qxa6 Rxa6 18. dxc5 Nxc5 19. Nfd4 e5 20. Nxc5 Rxc5 21. Rxc5 Bxc5 22. Nb3 Bd6 23. Rc1 Kf8 24. f3 e4 25. f4 Ke7 26. Rc4 Kd7 27. h3 Nd5 28. Rd4 Kc6 29. Rc4+ Kd7 30. Rd4 Kc6 31. Rxe4 Nb6 32. Nd4+ Kd5 1/2-1/2

[Event "Moscow-ch act"]
[Site "Moscow"]
[Date "2010.10.03"]
[Round "2"]
[White "Losev, Dmitry"]
[Black "Kharitonov, Andrei Y"]
[Result "0-1"]
[WhiteElo "2285"]
[BlackElo "2524"]
[PlyCount "86"]
[EventDate "2010.10.03"]
[EventType "swiss"]
[EventRounds "9"]
[EventCountry "RUS"]
[SourceTitle "EXT 2012"]
[Source "ChessBase"]
[SourceDate "2011.11.24"]
[SourceVersion "1"]
[SourceVersionDate "2011.11.24"]
[SourceQuality "1"]

1. e4 e5 2. Nf3 Nc6 3. Bb5 a6 4. Ba4 d6 5. 0-0 Bd7 6. c3 Nge7 7. d4 Ng6 8. d5 Nb8 9. Bxd7+ Nxd7 10. c4 Be7 11. Nc3 0-0 12. Rb1 Nh4 13. b4 f5 14. Nxh4 Bxh4 15. exf5 Rxf5 16. Qg4 Rf7 17. Be3 Be7 18. Rfd1 Nf6 19. Qe6 Qc8 20. c5 Qxe6 21. dxe6 Rff8 22. Bg5 Rad8 23. Bxf6 Rxf6 24. Nd5 Rxe6 25. Nxc7 Rg6 26. Nd5 Bf8 27. Rbc1 Rc8 28. Nb6 Rc7 29. cxd6 Rxd6 30. Na4 Rxd1+ 31. Rxd1 Bxb4 32. g3 b5 33. Nb6 Rc2 34. Rd8+ Kf7 35. Rd7+ Kg6 36. Nd5 Bc5 37. Ne3 Bxe3 38. fxe3 Rxa2 39. Rb7 e4 40. h3 h5 41. Rb6+ Kf5 42. Rc6 b4 43. Rc5+ Kg6 0-1

[Event "Moscow op-A"]
[Site "Moscow"]
[Date "2010.02.07"]
[Round "9"]
[White "Stukopin, Andrey"]
[Black "Kharitonov, Andrei Y"]
[Result "1-0"]
[WhiteElo "2423"]
[BlackElo "2542"]
[PlyCount "109"]
[EventDate "2010.01.30"]
[EventType "swiss"]
[EventRounds "9"]
[EventCountry "RUS"]
[SourceTitle "EXT 2022"]
[Source "ChessBase"]
[SourceDate "2021.10.06"]
[SourceVersion "1"]
[SourceVersionDate "2021.10.06"]
[SourceQuality "1"]

1. e4 c6 2. d4 d5 3. e5 Bf5 4. Nd2 e6 5. Nb3 Ne7 6. Nf3 Nc8 7. Be2 Be7 8. 0-0 0-0 9. Ne1 Nd7 10. Nd3 Ncb6 11. f4 f6 12. g4 Be4 13. f5 fxe5 14. fxe6 Bxd3 15. cxd3 Rxf1+ 16. Qxf1 Nf8 17. Qf7+ Kh8 18. dxe5 d4 19. Bf3 Rc8 20. Be4 Rc7 21. Bd2 Bh4 22. Qh5 g6 23. Qh6 Nxe6 24. Bxg6 Bg5 25. Bxg5 Qxg5 26. Qxg5 Nxg5 27. Bf5 Nf3+ 28. Kf2 Nxe5 29. Re1 Re7 30. Nxd4 Na4 31. b3 Nc3 32. a4 Nd5 33. h4 c5 34. Nb5 Nc6 35. Rxe7 Ndxe7 36. Be4 b6 37. Ke3 Kg7 38. Kf4 h6 39. g5 hxg5+ 40. Kxg5 a6 41. Nc7 Nd4 42. Nxa6 Nxb3 43. Nc7 Nd4 44. h5 Nc8 45. h6+ Kh8 46. Nd5 b5 47. a5 c4 48. dxc4 bxc4 49. a6 Ne6+ 50. Kg6 Nc5 51. Bf5 Na7 52. Ne7 Nd3 53. Bxd3 cxd3 54. h7 d2 55. Kh6 1-0

[Event "Moscow op-A"]
[Site "Moscow"]
[Date "2009.02.03"]
[Round "4"]
[White "Matinian, Nikita"]
[Black "Kharitonov, Andrei Y"]
[Result "1-0"]
[WhiteElo "2361"]
[BlackElo "2563"]
[PlyCount "36"]
[EventDate "2009.01.31"]
[EventType "swiss"]
[EventRounds "9"]
[EventCountry "RUS"]
[SourceTitle "EXT 2022"]
[Source "ChessBase"]
[SourceDate "2021.10.06"]
[SourceVersion "1"]
[SourceVersionDate "2021.10.06"]
[SourceQuality "1"]

1. e4 e5 2. Nf3 Nc6 3. Bb5 a6 4. Ba4 d6 5. 0-0 Bd7 6. Bxc6 Bxc6 7. d4 f6 8. Nc3 g6 9. Ne1 Nh6 10. f4 exf4 11. Nd3 Bg7 12. Nxf4 Bd7 13. e5 Bg4 14. exf6 Qxf6 15. Qe1+ Kd7 16. Nfd5 Qxd4+ 17. Be3 Rae8 18. Bxd4 Bxd4+ 1-0

[Event "Moscow op-A"]
[Site "Moscow"]
[Date "2009.01.31"]
[Round "1"]
[White "Kharitonov, Andrei Y"]
[Black "Lastin, Alexander"]
[Result "1/2-1/2"]
[WhiteElo "2563"]
[BlackElo "2643"]
[PlyCount "31"]
[EventDate "2009.01.31"]
[EventType "swiss"]
[EventRounds "9"]
[EventCountry "RUS"]
[SourceTitle "CBM 128 Extra"]
[Source "ChessBase"]
[SourceDate "2009.03.05"]
[SourceVersion "2"]
[SourceVersionDate "2009.03.25"]
[SourceQuality "1"]

1. d4 d5 2. c4 c6 3. Nf3 Nf6 4. Nc3 e6 5. e3 Nbd7 6. Qc2 Bd6 7. Be2 0-0 8. 0-0 dxc4 9. Bxc4 b5 10. Be2 Bb7 11. b3 a6 12. Ne4 Nxe4 13. Qxe4 Qb8 14. Bb2 c5 15. Qh4 Qd8 16. Qxd8 1/2-1/2

[Event "Moscow op-A 04th"]
[Site "Moscow"]
[Date "2008.02.05"]
[Round "4"]
[White "Kharitonov, Andrei Y"]
[Black "Najer, Evgeniy"]
[Result "1/2-1/2"]
[WhiteElo "2569"]
[BlackElo "2634"]
[PlyCount "35"]
[EventDate "2008.02.02"]
[EventType "swiss"]
[EventRounds "9"]
[EventCountry "RUS"]
[SourceTitle "CBM 122 Extra"]
[Source "ChessBase"]
[SourceDate "2008.03.04"]
[SourceVersion "1"]
[SourceVersionDate "2008.03.04"]
[SourceQuality "1"]

1. d4 Nf6 2. Nf3 e6 3. c4 c5 4. e3 d5 5. cxd5 exd5 6. Nc3 a6 7. Be2 c4 8. 0-0 b5 9. Ne5 Bb7 10. b3 Bb4 11. Bd2 0-0 12. a4 Bxc3 13. Bxc3 Nc6 14. Bf3 Qe7 15. bxc4 bxc4 16. Qd2 Rab8 17. Rab1 Ba8 18. h3 1/2-1/2

[Event "Moscow op-A 04th"]
[Site "Moscow"]
[Date "2008.02.04"]
[Round "3"]
[White "Ivanov, Oleg V"]
[Black "Kharitonov, Andrei Y"]
[Result "1/2-1/2"]
[WhiteElo "2454"]
[BlackElo "2569"]
[PlyCount "47"]
[EventDate "2008.02.02"]
[EventType "swiss"]
[EventRounds "9"]
[EventCountry "RUS"]
[SourceTitle "CBM 122 Extra"]
[Source "ChessBase"]
[SourceDate "2008.03.04"]
[SourceVersion "1"]
[SourceVersionDate "2008.03.04"]
[SourceQuality "1"]

1. e4 e6 2. d4 d5 3. Nc3 Bb4 4. e5 Qd7 5. a3 Bxc3+ 6. bxc3 b6 7. Qg4 f5 8. Qh5+ Qf7 9. Qd1 Ba6 10. Bxa6 Nxa6 11. c4 dxc4 12. Qe2 Qd7 13. Qxc4 Nb8 14. Ne2 Ne7 15. 0-0 Nbc6 16. Bg5 Ng6 17. Rfd1 0-0 18. Bd2 Rad8 19. Bg5 Rb8 20. Bd2 Rbd8 21. Bg5 Rc8 22. Bd2 Rcd8 23. h4 h6 24. d5 1/2-1/2

[Event "Moscow-ch qual KO"]
[Site "Moscow"]
[Date "2006.03.22"]
[Round "2.2"]
[White "Grigoriants, Sergey"]
[Black "Kharitonov, Andrei Y"]
[Result "1/2-1/2"]
[WhiteElo "2550"]
[BlackElo "2578"]
[PlyCount "51"]
[EventDate "2006.03.20"]
[EventType "k.o."]
[EventRounds "2"]
[EventCountry "RUS"]
[SourceTitle "CBM 111 Extra"]
[Source "ChessBase"]
[SourceDate "2006.05.09"]
[SourceVersion "1"]
[SourceVersionDate "2006.05.09"]
[SourceQuality "1"]

1. d4 d5 2. c4 e6 3. Nc3 Nf6 4. Nf3 Be7 5. Bf4 0-0 6. e3 a6 7. cxd5 exd5 8. Bd3 c6 9. h3 Nbd7 10. Qc2 Re8 11. g4 Nf8 12. 0-0-0 Be6 13. Kb1 Rc8 14. Ng5 c5 15. dxc5 Bxc5 16. Nxe6 fxe6 17. Qb3 Qb6 18. Qxb6 Bxb6 19. g5 N6d7 20. Rc1 Ng6 21. Bg3 Nge5 22. Be2 Ba5 23. Rhd1 Bxc3 24. Rxc3 Rxc3 25. bxc3 Rc8 26. Kb2 1/2-1/2

[Event "Moscow-ch qual KO"]
[Site "Moscow"]
[Date "2006.03.22"]
[Round "2.1"]
[White "Kharitonov, Andrei Y"]
[Black "Grigoriants, Sergey"]
[Result "1/2-1/2"]
[WhiteElo "2578"]
[BlackElo "2550"]
[PlyCount "44"]
[EventDate "2006.03.20"]
[EventType "k.o."]
[EventRounds "2"]
[EventCountry "RUS"]
[SourceTitle "CBM 111 Extra"]
[Source "ChessBase"]
[SourceDate "2006.05.09"]
[SourceVersion "1"]
[SourceVersionDate "2006.05.09"]
[SourceQuality "1"]

1. d4 Nf6 2. Nf3 e6 3. c4 c5 4. d5 exd5 5. cxd5 d6 6. Nc3 g6 7. e4 a6 8. a4 Bg4 9. Be2 Bxf3 10. Bxf3 Nbd7 11. Bf4 Qe7 12. 0-0 Bg7 13. Qd2 0-0 14. Rfe1 Rfe8 15. a5 Rab8 16. Be2 h6 17. h3 Kh7 18. Bh2 Rbc8 19. Bf1 g5 20. Ra4 Ne5 21. Nd1 Ng6 22. b3 Nd7 1/2-1/2

[Event "Moscow Aeroflot op-A"]
[Site "Moscow"]
[Date "2004.02.25"]
[Round "9"]
[White "Kharitonov, Andrei Y"]
[Black "Vescovi, Giovanni P"]
[Result "1-0"]
[WhiteElo "2561"]
[BlackElo "2633"]
[PlyCount "113"]
[EventDate "2004.02.17"]
[EventType "swiss"]
[EventRounds "9"]
[EventCountry "RUS"]
[SourceTitle "CBM 100"]
[Source "ChessBase"]
[SourceDate "2004.06.01"]
[SourceVersion "1"]
[SourceVersionDate "2004.06.01"]
[SourceQuality "1"]

1. d4 Nf6 2. Nf3 d5 3. c4 e6 4. Nc3 dxc4 5. e3 a6 6. a4 c5 7. Bxc4 Be7 8. 0-0 Nc6 9. b3 0-0 10. Bb2 cxd4 11. exd4 Nb4 12. Qe2 Bd7 13. Ne5 Bc6 14. Rad1 Bd5 15. f4 g6 16. g4 Nd7 17. Bxd5 Nxd5 18. Nxd5 exd5 19. f5 Nf6 20. Rd3 Ne4 21. Rdf3 f6 22. Nd3 Bd6 23. fxg6 hxg6 24. Nc5 Bxc5 25. dxc5 Qc8 26. Kh1 Qxg4 27. Qd3 Kg7 28. Rg1 Qe6 29. b4 Rf7 30. Bd4 Rh8 31. b5 axb5 32. axb5 g5 33. Rg2 Kg6 34. Qc2 Rc8 35. Ra3 Rh7 36. Rf3 Rf7 37. Ra3 Qf5 38. Kg1 Rh7 39. Ra1 Rh3 40. c6 bxc6 41. bxc6 Qe6 42. Rc1 Rh7 43. Qa4 Rhc7 44. Rgc2 Qg4+ 45. Rg2 Qf4 46. Rf1 Qd6 47. h4 Rxc6 48. hxg5 fxg5 49. Be3 Qe5 50. Qa7 Rf6 51. Rxf6+ Qxf6 52. Rh2 Kf5 53. Qh7+ Ke5 54. Rb2 Rh8 55. Qa7 Kf5 56. Bd4 Qc6 57. Bxh8 1-0

[Event "Moscow Aeroflot op-A"]
[Site "Moscow"]
[Date "2004.02.23"]
[Round "7"]
[White "Aleksandrov, Aleksej"]
[Black "Kharitonov, Andrei Y"]
[Result "1/2-1/2"]
[WhiteElo "2679"]
[BlackElo "2561"]
[PlyCount "120"]
[EventDate "2004.02.17"]
[EventType "swiss"]
[EventRounds "9"]
[EventCountry "RUS"]
[SourceTitle "CBM 100"]
[Source "ChessBase"]
[SourceDate "2004.06.01"]
[SourceVersion "1"]
[SourceVersionDate "2004.06.01"]
[SourceQuality "1"]

1. d4 d5 2. c4 e6 3. Nc3 Nf6 4. cxd5 exd5 5. Bg5 Be7 6. e3 c6 7. Bd3 Nbd7 8. Qc2 0-0 9. Nge2 Re8 10. 0-0 Nf8 11. f3 Ng6 12. Rad1 Be6 13. Kh1 Qc7 14. Bxf6 Bxf6 15. e4 dxe4 16. fxe4 Rad8 17. e5 Be7 18. h3 Kh8 19. Be4 Nf8 20. Nf4 Qb6 21. Nxe6 Nxe6 22. d5 Ng5 23. d6 Bf8 24. h4 Rxe5 25. hxg5 Rxd6 26. Rxd6 Bxd6 27. Rxf7 Rxg5 28. Qe2 Qc5 29. g4 Re5 30. Qf2 Qxf2 31. Rxf2 g6 32. a3 Re7 33. Re2 Kg7 34. Bf3 Rxe2 35. Bxe2 Be5 36. Kg2 Kf7 37. Kf3 Ke7 38. Ke4 Bf6 39. Kf4 h6 40. Bd3 Bg5+ 41. Ke5 h5 42. gxh5 gxh5 43. Bf5 Bc1 44. Nd1 Kd8 45. Kd6 Bf4+ 46. Kc5 Kc7 47. a4 h4 48. b3 Bc1 49. Nc3 Ba3+ 50. Kc4 Be7 51. Ne2 a6 52. Nd4 b5+ 53. Kd3 c5 54. Nf3 Kb6 55. Ke4 bxa4 56. bxa4 Ka5 57. Bd7 h3 58. Kd3 Kb4 59. Bc6 c4+ 60. Kc2 Bd6 1/2-1/2

[Event "Moscow Aeroflot op-A"]
[Site "Moscow"]
[Date "2004.02.22"]
[Round "6"]
[White "Kharitonov, Andrei Y"]
[Black "Sasikiran, Krishnan"]
[Result "0-1"]
[WhiteElo "2561"]
[BlackElo "2654"]
[PlyCount "122"]
[EventDate "2004.02.17"]
[EventType "swiss"]
[EventRounds "9"]
[EventCountry "RUS"]
[SourceTitle "CBM 100"]
[Source "ChessBase"]
[SourceDate "2004.06.01"]
[SourceVersion "1"]
[SourceVersionDate "2004.06.01"]
[SourceQuality "1"]

1. d4 Nf6 2. Nf3 g6 3. c4 Bg7 4. g3 c6 5. Bg2 0-0 6. 0-0 d5 7. Nbd2 a5 8. Ne5 Bf5 9. Ndf3 a4 10. Be3 Ne4 11. Qc1 Na6 12. Bh6 f6 13. Bxg7 Kxg7 14. Nd3 g5 15. Rd1 Qa5 16. a3 Nc7 17. Nfe1 dxc4 18. Bxe4 Bxe4 19. Qxc4 Bd5 20. Qc5 Bb3 21. Rdc1 Ne6 22. Qxa5 Rxa5 23. e3 Rd8 24. Rc3 Rb5 25. Rac1 Kf7 26. Nb4 h5 27. Ned3 h4 28. g4 f5 29. h3 Kf6 30. Kg2 Ra5 31. gxf5 Rxf5 32. f3 Rb5 33. Kf2 Rf8 34. Nc5 Kg6 35. Kg2 Nxc5 36. dxc5 Rd8 37. Rf1 Ra5 38. f4 Raa8 39. Kf3 Kh5 40. Rg1 Rg8 41. Nd3 Raf8 42. e4 Kh6 43. f5 e6 44. Nc1 exf5 45. Nxb3 axb3 46. e5 Rd8 47. Rxb3 Rg7 48. Re1 Re7 49. Rbe3 Kg6 50. R1e2 f4 51. Rb3 Kf5 52. e6 Rde8 53. Kg2 Rg7 54. Kf3 Rxe6 55. Rxe6 Kxe6 56. Kg4 Rd7 57. Kxg5 Ke5 58. Rb4 Rf7 59. Rc4 f3 60. Rc1 f2 61. Rf1 Ke4 0-1

[Event "Moscow-ch"]
[Site "Moscow"]
[Date "2002.??.??"]
[Round "4"]
[White "Amonatov, Farrukh"]
[Black "Kharitonov, Andrei Y"]
[Result "1/2-1/2"]
[WhiteElo "2353"]
[BlackElo "2546"]
[PlyCount "85"]
[EventDate "2002.??.??"]
[EventType "k.o."]
[EventRounds "5"]
[EventCountry "RUS"]
[SourceTitle "EXT 2003"]
[Source "ChessBase"]
[SourceDate "2002.11.25"]
[SourceVersion "1"]
[SourceVersionDate "2002.11.25"]
[SourceQuality "1"]

1. e4 c6 2. d4 d5 3. Nc3 dxe4 4. Nxe4 Bf5 5. Ng3 Bg6 6. h4 h6 7. Nf3 Nd7 8. h5 Bh7 9. Bd3 Bxd3 10. Qxd3 Ngf6 11. Bf4 Qa5+ 12. Bd2 Qc7 13. 0-0-0 e6 14. Ne4 0-0-0 15. g3 Nxe4 16. Qxe4 Nf6 17. Qe2 Bd6 18. c4 c5 19. Bc3 cxd4 20. Rxd4 Qe7 21. Ne5 Bc7 22. Rhd1 Rxd4 23. Rxd4 Rd8 24. f4 Rxd4 25. Bxd4 a6 26. Kc2 Ne8 27. Qe4 f5 28. Ng6 Qf7 29. Qd3 Nf6 30. Bxf6 Qxf6 31. Qe3 Qf7 32. Qc5 Qd7 33. b3 Qd6 34. Qxd6 Bxd6 35. Kc3 a5 36. Kd4 b6 37. Ne5 Bc5+ 38. Kd3 Kc7 39. g4 Kd6 40. gxf5 exf5 41. Ke2 Bd4 42. Nd3 Ke6 43. Kf3 1/2-1/2

[Event "Moscow-ch"]
[Site "Moscow"]
[Date "2002.??.??"]
[Round "2"]
[White "Khruschiov, Alexey"]
[Black "Kharitonov, Andrei Y"]
[Result "0-1"]
[WhiteElo "2392"]
[BlackElo "2546"]
[PlyCount "82"]
[EventDate "2002.??.??"]
[EventType "k.o."]
[EventRounds "5"]
[EventCountry "RUS"]
[SourceTitle "EXT 2003"]
[Source "ChessBase"]
[SourceDate "2002.11.25"]
[SourceVersion "1"]
[SourceVersionDate "2002.11.25"]
[SourceQuality "1"]

1. e4 e5 2. Nf3 Nc6 3. Bb5 a6 4. Bxc6 dxc6 5. 0-0 f6 6. d4 exd4 7. Nxd4 c5 8. Nb3 Qxd1 9. Rxd1 Be6 10. Bf4 c4 11. Nd4 0-0-0 12. Nc3 Bf7 13. Nd5 Bc5 14. Nf5 g6 15. Nfe3 Re8 16. Nc3 g5 17. Bg3 Ne7 18. Ng4 Ng8 19. Nd5 Rxe4 20. Ngxf6 Nxf6 21. Nxf6 Re7 22. Kf1 c3 23. b3 Bg6 24. Nd5 Rf7 25. Nxc3 Rhf8 26. f3 Bxc2 27. Rd5 Ba3 28. Re1 g4 29. f4 Bd6 30. Ne2 Be4 31. Rg5 Bf5 32. Rd1 Be7 33. Rh5 Bd6 34. Rg5 Bd7 35. Rd2 Bb5 36. Rxg4 Bb4 37. Rb2 Re8 38. a4 Bd3 39. Bh4 h5 40. Rg3 Rxf4+ 41. Rf3 Rxe2 0-1

[Event "Moscow-ch"]
[Site "Moscow"]
[Date "2002.??.??"]
[Round "3"]
[White "Rustemov, Alexander"]
[Black "Kharitonov, Andrei Y"]
[Result "1/2-1/2"]
[WhiteElo "2620"]
[BlackElo "2546"]
[PlyCount "30"]
[EventDate "2002.??.??"]
[EventType "k.o."]
[EventRounds "5"]
[EventCountry "RUS"]
[SourceTitle "EXT 2003"]
[Source "ChessBase"]
[SourceDate "2002.11.25"]
[SourceVersion "1"]
[SourceVersionDate "2002.11.25"]
[SourceQuality "1"]

1. d4 Nf6 2. Nf3 d5 3. c4 e6 4. Nc3 Be7 5. Qc2 0-0 6. cxd5 exd5 7. Bg5 c6 8. e3 Ne4 9. Bxe7 Qxe7 10. Bd3 Bf5 11. Ne5 f6 12. Nf3 Bg6 13. h4 f5 14. h5 Bf7 15. Ne5 Nd7 1/2-1/2

[Event "Geller Memorial op"]
[Site "Moscow"]
[Date "2001.??.??"]
[Round "3"]
[White "Kharitonov, Andrei Y"]
[Black "Deviatkin, Andrei"]
[Result "1-0"]
[WhiteElo "2546"]
[BlackElo "2416"]
[PlyCount "111"]
[EventDate "2001.10.26"]
[EventType "swiss"]
[EventRounds "9"]
[EventCountry "RUS"]
[SourceTitle "EXT 2002"]
[Source "ChessBase"]
[SourceDate "2001.11.25"]
[SourceVersion "1"]
[SourceVersionDate "2001.11.25"]
[SourceQuality "1"]

1. d4 d5 2. c4 dxc4 3. Nf3 Nf6 4. e3 Bg4 5. Bxc4 e6 6. Nc3 Nbd7 7. h3 Bh5 8. 0-0 Be7 9. Be2 c6 10. e4 0-0 11. Be3 Bb4 12. e5 Nd5 13. Nxd5 cxd5 14. Ng5 Bxe2 15. Qc2 g6 16. Qxe2 Qb6 17. Rac1 Be7 18. Qg4 Rfc8 19. Qf4 Bxg5 20. Qxg5 Qb4 21. g4 Rc6 22. Rxc6 bxc6 23. Rc1 Rc8 24. Rc3 Qf8 25. Rb3 Rb8 26. Rxb8 Nxb8 27. Qh4 Nd7 28. Bh6 Qe8 29. b4 Kh8 30. a4 a6 31. a5 Kg8 32. Kg2 Kh8 33. Bg5 Kg8 34. Be7 h6 35. Bd6 Kg7 36. f4 Kh7 37. Qf2 Kg7 38. Kg3 Kh7 39. f5 Kg7 40. Qc2 Qa8 41. h4 gxf5 42. gxf5 Kh8 43. Kf3 Qg8 44. fxe6 fxe6 45. Qxc6 h5 46. Kf2 Qg4 47. Qc8+ Kg7 48. Qxd7+ Kg6 49. Qe8+ Kf5 50. Qf7+ Ke4 51. Qf6 Qh3 52. Qg6+ Kxd4 53. Bc5+ Kc4 54. Qc2+ Kb5 55. Qe2+ Ka4 56. Qd1+ 1-0

[Event "Geller Memorial op"]
[Site "Moscow"]
[Date "2001.??.??"]
[Round "1"]
[White "Kharitonov, Andrei Y"]
[Black "Volodin, Viktor Nikolaevich"]
[Result "1-0"]
[WhiteElo "2546"]
[BlackElo "2314"]
[PlyCount "47"]
[EventDate "2001.10.26"]
[EventType "swiss"]
[EventRounds "9"]
[EventCountry "RUS"]
[SourceTitle "EXT 2002"]
[Source "ChessBase"]
[SourceDate "2001.11.25"]
[SourceVersion "1"]
[SourceVersionDate "2001.11.25"]
[SourceQuality "1"]

1. d4 d5 2. c4 e6 3. Nf3 Nf6 4. e3 c6 5. Bd3 Nbd7 6. Nbd2 Bd6 7. e4 dxe4 8. Nxe4 Nxe4 9. Bxe4 h6 10. 0-0 0-0 11. Bc2 e5 12. b3 exd4 13. Qxd4 Nf6 14. Rd1 Be7 15. Qe5 Qe8 16. Bb2 Bg4 17. Qf4 Qc8 18. Re1 Bd8 19. Ne5 Be6 20. h3 Re8 21. Qf3 Be7 22. Re2 a5 23. a3 g5 24. Rae1 1-0

[Event "Hoogeveen Essent op"]
[Site "Hoogeveen"]
[Date "2000.10.19"]
[Round "7"]
[White "Kharitonov, Andrei Y"]
[Black "Aagaard, Jacob"]
[Result "1-0"]
[WhiteElo "2539"]
[BlackElo "2389"]
[PlyCount "51"]
[EventDate "2000.10.13"]
[EventType "swiss"]
[EventRounds "9"]
[EventCountry "NED"]
[SourceTitle "CBM 078 Extra"]
[Source "ChessBase"]
[SourceDate "2000.11.10"]
[SourceVersion "1"]
[SourceVersionDate "2000.11.10"]
[SourceQuality "1"]

1. d4 d5 2. c4 e6 3. Nf3 Nf6 4. Nc3 Be7 5. Bg5 h6 6. Bh4 0-0 7. e3 b6 8. cxd5 Nxd5 9. Bxe7 Qxe7 10. Nxd5 exd5 11. Rc1 Be6 12. Qa4 c5 13. Qa3 Rc8 14. Be2 Kf8 15. dxc5 bxc5 16. 0-0 Nd7 17. Rfd1 Rab8 18. b3 a5 19. Qxa5 Ra8 20. Qd2 Ra3 21. Bb5 Nb6 22. Ne5 c4 23. Nc6 Qc5 24. bxc4 Bg4 25. f3 Rxe3 26. Nd4 1-0

[Event "Hoogeveen Essent op"]
[Site "Hoogeveen"]
[Date "2000.10.17"]
[Round "5"]
[White "Kharitonov, Andrei Y"]
[Black "Epishin, Vladimir"]
[Result "1/2-1/2"]
[WhiteElo "2539"]
[BlackElo "2567"]
[PlyCount "47"]
[EventDate "2000.10.13"]
[EventType "swiss"]
[EventRounds "9"]
[EventCountry "NED"]
[SourceTitle "CBM 078 Extra"]
[Source "ChessBase"]
[SourceDate "2000.11.10"]
[SourceVersion "1"]
[SourceVersionDate "2000.11.10"]
[SourceQuality "1"]

1. Nf3 g6 2. e4 d5 3. exd5 Qxd5 4. Nc3 Qd6 5. Bc4 Nf6 6. 0-0 Bg7 7. d4 0-0 8. h3 a6 9. Qe2 b5 10. Bd3 Nc6 11. Rd1 Be6 12. Ne4 Nxe4 13. Bxe4 Bc4 14. Qe1 Rad8 15. c3 Bd5 16. Bxd5 Qxd5 17. Bf4 Rd7 18. Qe2 Rfd8 19. Re1 h6 20. a4 e6 21. axb5 axb5 22. Ra6 b4 23. Bg3 bxc3 24. bxc3 1/2-1/2

[Event "RUS-Cup"]
[Site "Moscow"]
[Date "2000.??.??"]
[Round "1"]
[White "Kunin, Vitaly L"]
[Black "Kharitonov, Andrei Y"]
[Result "1/2-1/2"]
[WhiteElo "2350"]
[BlackElo "2538"]
[PlyCount "46"]
[EventDate "2000.??.??"]
[EventType "swiss"]
[EventRounds "9"]
[EventCountry "RUS"]
[SourceTitle "EXT 2001"]
[Source "ChessBase"]
[SourceDate "2000.11.22"]
[SourceVersion "1"]
[SourceVersionDate "2000.11.22"]
[SourceQuality "1"]

1. d4 Nf6 2. Nf3 d5 3. c4 e6 4. Nc3 Nbd7 5. Bg5 Be7 6. e3 0-0 7. Qc2 c6 8. Bd3 dxc4 9. Bxc4 Nd5 10. Bxe7 Qxe7 11. Nxd5 exd5 12. Bd3 Nf6 13. Ne5 Ne4 14. 0-0 f6 15. Nf3 g6 16. Rab1 Nd6 17. b4 Be6 18. Nd2 Rfc8 19. Rfc1 a5 20. bxa5 Rxa5 21. Nb3 Ra3 22. Nc5 Rca8 23. Bxg6 hxg6 1/2-1/2